Juma Ke Khutbe (Record no. 3471)

MARC details
000 -LEADER
fixed length control field 00681nam a2200241 a 4500
020 ## - INTERNATIONAL STANDARD BOOK NUMBER
ISBN
082 00 - DEWEY DECIMAL CLASSIFICATION NUMBER
Classification number 297
Author Cutter THA
100 ## - MAIN ENTRY--AUTHOR NAME
Author name Thanawi, Ashraf Ali
245 ## - TITLE STATEMENT
Title Juma Ke Khutbe
Sub title Collection of Sacred Congregational Sermons Delivered on
260 ## - PUBLICATION, DISTRIBUTION, ETC. (IMPRINT)
Place of publication Delhi
Name of publisher Dini Book Depot
Year of publication 0000
300 ## - PHYSICAL DESCRIPTION
Number of Pages 112p.
500 ## - GENERAL NOTE
General note includes index and biblioraphy
505 2# - FORMATTED CONTENTS NOTE
Formatted contents note on eve of fridays and eidain including sermons of holy prophet.
650 ## - SUBJECT ADDED ENTRY--TOPICAL TERM
Topical Term Islam-Miscellany
942 ## - ADDED ENTRY ELEMENTS (KOHA)
Koha item type Books
700 1# -
-- Thanawi, Ashraf Ali
Holdings
Collection code Home library Current library Date acquired Cost, normal purchase price Full call number Accession Number Koha item type
  Henry Martyn Institute Library Henry Martyn Institute Library 07/30/2007 100.00 297 THA 09261 Books
                   Copyright © 2026 | Henry Martyn Institute | Hyderabad | TS-500052 | INDIA | Implemented by hmi.edu.in
Hit-Count:

Powered by Koha